Deeper integration and trade in services in the Euro-Mediterranean region : (Record no. 53120)
[ view plain ]
| 000 -LEADER | |
|---|---|
| fixed length control field | 01839cam a22003854a 4500 |
| 001 - CONTROL NUMBER | |
| control field | 53120 |
| 003 - CONTROL NUMBER IDENTIFIER | |
| rucl marc code | BD-RjUL |
| 005 - DATE AND TIME OF LATEST TRANSACTION | |
| control field | 20211209075919.0 |
| 008 - FIXED-LENGTH DATA ELEMENTS--GENERAL INFORMATION | |
| fixed length control field | 040730s2005 dcuab b i000 0 eng |
| 020 ## - INTERNATIONAL STANDARD BOOK NUMBER | |
| International Standard Book Number | 082135955X |
| 035 ## - SYSTEM CONTROL NUMBER | |
| System control number | (BD-RjUL)53240 |
| 040 ## - CATALOGING SOURCE | |
| Original cataloging agency | DLC |
| Transcribing agency | DLC |
| Modifying agency | DLC |
| Language of cataloging | eng |
| 041 ## - LANGUAGE CODE | |
| Language code of text/sound track or separate title | eng |
| 082 00 - DEWEY DECIMAL CLASSIFICATION NUMBER | |
| Classification number | 337.11822 |
| Edition number | 23 |
| Author mark and year | MUD 2005 |
| 100 1# - MAIN ENTRY--PERSONAL NAME | |
| Personal name | Müller-Jentsch, Daniel |
| Dates associated with a name | 1969- |
| 9 (RLIN) | 158780 |
| 245 10 - TITLE STATEMENT | |
| Title | Deeper integration and trade in services in the Euro-Mediterranean region : |
| Remainder of title | southern dimensions of the European Neighborhood Policy / |
| Statement of responsibility, etc. | Daniel Müller-Jentsch. |
| 260 ## - PUBLICATION, DISTRIBUTION, ETC. (IMPRINT) | |
| Place of publication, distribution, etc. | Washington, DC : |
| Name of publisher, distributor, etc. | World Bank, |
| Date of publication, distribution, etc. | c2005 |
| 300 ## - PHYSICAL DESCRIPTION | |
| Pagination | xxiii, 102 p. : |
| Illustrations | ill. ; |
| Size | 28 cm. |
| 500 ## - GENERAL NOTE | |
| General note | "Jointly financed by the European Commission and the World Bank." |
| General note | "The World Bank; European Commission; PPMI." |
| General note | "World Bank/European Commission Programme on Private Participation in Mediterranean Infrastructure"--Cover. |
| 504 ## - BIBLIOGRAPHY, ETC. NOTE | |
| Bibliography, etc | Includes bibliographical references (p. 97-102). |
| 650 #0 - SUBJECT ADDED ENTRY--TOPICAL TERM | |
| Topical term or geographic name as entry element | Infrastructure (Economics) |
| Geographic subdivision | Middle East. |
| 9 (RLIN) | 158781 |
| Topical term or geographic name as entry element | Infrastructure (Economics) |
| Geographic subdivision | North Africa. |
| 9 (RLIN) | 158782 |
| 651 #0 - SUBJECT ADDED ENTRY--GEOGRAPHIC NAME | |
| Geographic name | Middle East |
| General subdivision | Economic integration. |
| 9 (RLIN) | 158783 |
| Geographic name | Africa, North |
| General subdivision | Economic integration. |
| 9 (RLIN) | 158784 |
| Geographic name | Middle East |
| General subdivision | Foreign economic relations |
| Geographic subdivision | European Union Countries. |
| 9 (RLIN) | 158785 |
| Geographic name | Africa, North |
| General subdivision | Foreign economic relations |
| Geographic subdivision | European Union Countries. |
| 9 (RLIN) | 158786 |
| Geographic name | European Union Countries |
| General subdivision | Foreign economic relations |
| Geographic subdivision | Middle East. |
| 9 (RLIN) | 158787 |
| Geographic name | European Union Countries |
| General subdivision | Foreign economic relations |
| Geographic subdivision | Africa, North. |
| 9 (RLIN) | 158788 |
| 710 2# - ADDED ENTRY--CORPORATE NAME | |
| Corporate name or jurisdiction name as entry element | European Commission. |
| 9 (RLIN) | 158789 |
| Corporate name or jurisdiction name as entry element | World Bank. |
| 9 (RLIN) | 158790 |
| Corporate name or jurisdiction name as entry element | World Bank/European Commission Programme on Private Participation in Mediterranean Infrastructure. |
| 9 (RLIN) | 158791 |
| 942 ## - ADDED ENTRY ELEMENTS (KOHA) | |
| Source of classification or shelving scheme | Dewey Decimal Classification |
| Koha item type | Books |
| Lost status | Source of classification or shelving scheme | Damaged status | Not for loan | Collection code | Permanent Location | Current Location | Shelving location | Date acquired | Source of acquisition | Total Checkouts | Full call number | Date last seen | Copy number | Koha item type |
|---|---|---|---|---|---|---|---|---|---|---|---|---|---|---|
| Dewey Decimal Classification | Non-fiction | Central Library, University of Rajshahi | Central Library, University of Rajshahi | 21/04/2007 | Japan eng | 337.11822 MUD 2005 | 03/10/2016 | C-2 | Books |